[Event "Ä11Â"]
[Site "Loo"]
[Date "2017.04.21"]
[Round "2.17"]
[White "Ãóðãåíèäçå, Àëåêñàíäðà."]
[Black "Áóâàéëîâà, Ïîëèíà."]
[Result "1-0"]
[WhiteElo "1433"]
[BlackElo "1304"]
[PlyCount "55"]
[EventDate "2017.04.20"]

1. e4 d6 2. d4 Nf6 3. Nc3 g6 4. f3 Bg7 5. Be3 O-O 6. Qd2 Re8 7. O-O-O a6 8. Bh6
Bh8 9. h4 Nc6 10. h5 e6 11. hxg6 fxg6 12. Qf2 Nd7 13. Nge2 Qf6 14. Qg3 e5 15.
Nd5 Qd8 16. Bg5 Bf6 17. Bxf6 Nxf6 18. dxe5 Nxe5 19. Nef4 c6 20. Ne3 Qb6 21. Nc4
Qc5 22. Nxe5 Qxe5 23. Bc4+ Kg7 24. Rxd6 Qc5 25. Be6 Qe3+ 26. Kb1 Nxe4 27. Rxh7+
Kf8 28. Nxg6# 1-0

[Event "Ä11Â"]
[Site "Loo"]
[Date "2017.04.21"]
[Round "2.18"]
[White "Êóçíåöîâà, Îëüãà."]
[Black "Ïÿïèåâà, Àéëàíà."]
[Result "1-0"]
[WhiteElo "1405"]
[BlackElo "1250"]
[PlyCount "115"]
[EventDate "2017.04.20"]

1. e4 c5 2. Nf3 d6 3. d4 cxd4 4. Nxd4 Nf6 5. Nc3 a6 6. Be2 e5 7. Nf3 Be7 8. h3
Nc6 9. Be3 Be6 10. a3 h6 11. Qd2 b5 12. Bd3 Rc8 13. a4 b4 14. Nd5 a5 15. Nb6
Rb8 16. Nd5 Nxd5 17. exd5 Bxd5 18. Bb5 Be4 19. Qe2 Rc8 20. Qc4 f5 21. Rd1 Qc7
22. Qe6 Qd7 23. Qg6+ Kf8 24. Nxe5 Qe8 25. Bxc6 Bxc6 26. Qxf5+ Kg8 27. Ng6 Bd7
28. Qd5+ Qf7 29. Nxe7+ Kf8 30. Nxc8 Bxc8 31. Qxd6+ Kg8 32. Qd8+ Kh7 33. Qd3+
Bf5 34. Qd5 Qg6 35. Qf3 Bxc2 36. Rd4 Bxa4 37. Qe4 Qxe4 38. Rxe4 Ra8 39. Kd2 Bc6
40. Rg4 h5 41. Rg5 g6 42. Rc1 Be4 43. Rc7+ Kg8 44. f3 Bf5 45. g4 hxg4 46. hxg4
Bb1 47. Rc1 Rd8+ 48. Ke2 Bd3+ 49. Kf2 Kf7 50. Rc7+ Ke8 51. Re5+ Kf8 52. Bc5+
Kg8 53. Ree7 g5 54. Rg7+ Kh8 55. Rxg5 Bb1 56. Be7 Rd2+ 57. Kg3 Rd1 58. Bf6# 1-0

[Event "Ä11Â"]
[Site "Loo"]
[Date "2017.04.21"]
[Round "2.19"]
[White "Êóçíåöîâà, Þëèÿ."]
[Black "Ôèëàòîâà, Ñîôüÿ."]
[Result "1-0"]
[WhiteElo "1304"]
[BlackElo "1401"]
[PlyCount "119"]
[EventDate "2017.04.20"]

1. e4 e5 2. Nf3 Nc6 3. Bb5 Nf6 4. O-O d6 5. d4 Bd7 6. Nc3 a6 7. Bc4 Be7 8. Ng5
O-O 9. d5 Na7 10. Qe2 h6 11. Nf3 Nh7 12. Bd3 Nc8 13. a4 a5 14. Be3 b6 15. Bb5
Re8 16. Bc6 Ra7 17. Nb5 Ra6 18. Nxc7 Qxc7 19. Qxa6 Bxc6 20. dxc6 Qxc6 21. Qb5
Qxb5 22. axb5 Nf6 23. Nd2 Bd8 24. f3 Na7 25. c4 Nc8 26. Rfd1 Bc7 27. Rac1 Nd7
28. Nb1 Re7 29. Nc3 Nf6 30. Nd5 Nxd5 31. cxd5 Na7 32. Rd3 Nxb5 33. Rb3 Nd4 34.
Bxd4 exd4 35. Rd3 b5 36. Rc6 a4 37. Rxd4 Rd7 38. Rb4 Ba5 39. Rxb5 Bd2 40. Rb8+
Kh7 41. Ra8 Be3+ 42. Kf1 Bd4 43. Rxa4 Bxb2 44. f4 g6 45. Raa6 Kg7 46. Rxd6 Re7
47. e5 Bc1 48. g3 h5 49. e6 fxe6 50. Rxe6 Rd7 51. Rxg6+ Kh7 52. Rh6+ Kg7 53.
Rag6+ Kf8 54. Rh8+ Kf7 55. Rh7+ Kxg6 56. Rxd7 Kf5 57. Rg7 Bb2 58. Rg5+ Kf6 59.
Rxh5 Ke7 60. h4 1-0

[Event "Ä11Â"]
[Site "Loo"]
[Date "2017.04.21"]
[Round "2.20"]
[White "Ñìàëåâà, Âåðîíèêà."]
[Black "Ìóòèíà, Êñåíèÿ."]
[Result "0-1"]
[WhiteElo "1149"]
[BlackElo "1376"]
[PlyCount "100"]
[EventDate "2017.04.20"]

1. d4 d5 2. c4 e6 3. Nc3 Nf6 4. cxd5 exd5 5. Bg5 Nbd7 6. e3 c6 7. Nf3 Bb4 8.
Rc1 Qa5 9. Qb3 O-O 10. Bd3 Bxc3+ 11. bxc3 Ne4 12. Be7 Re8 13. Bb4 Qc7 14. O-O
Ndf6 15. h3 Bf5 16. Qc2 Bg6 17. Nd2 Nxd2 18. Qxd2 Bxd3 19. Qxd3 Ne4 20. c4 a5
21. Ba3 dxc4 22. Rxc4 b5 23. Rc2 b4 24. Bb2 Qb7 25. Rd1 a4 26. Qc4 Rec8 27. Rd3
Qb8 28. Rc1 Qd6 29. a3 b3 30. d5 Qe7 31. dxc6 Nf6 32. Qh4 Qe6 33. Bxf6 gxf6 34.
Rd4 Rxc6 35. Rb1 Qe5 36. Rg4+ Kh8 37. Qh6 Rg8 38. Rh4 Rg7 39. Rd1 Rc8 40. Rb1
b2 41. e4 Rcg8 42. g3 Rxg3+ 43. Kf1 R3g7 44. Ke2 Qb5+ 45. Kf3 Qd3+ 46. Kf4 Qxb1
47. Kf5 Qc2 48. f4 b1=Q 49. Kxf6 Qc6+ 50. Kf5 Qbxe4# 0-1

[Event "Ä11Â"]
[Site "Loo"]
[Date "2017.04.21"]
[Round "2.21"]
[White "Îëåñê, Êàìèëëà."]
[Black "Èëüèíà, Ìàðãàðèòà."]
[Result "1-0"]
[WhiteElo "1358"]
[BlackElo "1226"]
[PlyCount "103"]
[EventDate "2017.04.20"]

1. e4 c5 2. Nf3 Nc6 3. d4 cxd4 4. Nxd4 Nf6 5. Nc3 e5 6. Ndb5 d6 7. Bg5 a6 8.
Bxf6 gxf6 9. Na3 b5 10. Nd5 Bg7 11. Be2 Ne7 12. Nxe7 Qxe7 13. O-O O-O 14. c4 b4
15. Nc2 a5 16. Ne3 Be6 17. Bg4 Kh8 18. Bxe6 Qxe6 19. Rc1 Bh6 20. Qf3 Rg8 21.
Rcd1 Bxe3 22. fxe3 Rg6 23. b3 Ra6 24. Qf5 Qxf5 25. exf5 Rg8 26. Rd2 Rc6 27.
Rfd1 Rd8 28. Rd5 Ra6 29. c5 a4 30. Rxd6 Rda8 31. Rxa6 Rxa6 32. bxa4 Rxa4 33. c6
Rxa2 34. c7 Rc2 35. Rd8+ Kg7 36. c8=Q Rxc8 37. Rxc8 b3 38. Rb8 b2 39. Rxb2 h5
40. Rb7 Kf8 41. Kf2 Kg7 42. Kg3 Kh6 43. Kh4 e4 44. g3 Kh7 45. Rxf7+ Kh6 46.
Rxf6+ Kg7 47. Ra6 Kf7 48. Kxh5 Ke7 49. f6+ Kf7 50. Kg5 Kg8 51. Kg6 Kf8 52. Ra8#
1-0

[Event "Ä11Â"]
[Site "Loo"]
[Date "2017.04.21"]
[Round "2.24"]
[White "Áåëîóñîâà, Ñîôüÿ."]
[Black "Øåâÿêîâà, Àëåíà."]
[Result "1-0"]
[WhiteElo "1319"]
[BlackElo "1164"]
[PlyCount "73"]
[EventDate "2017.04.20"]

1. e4 d5 2. exd5 Nf6 3. Nc3 Nxd5 4. d4 g6 5. Nf3 Bg7 6. Bc4 Nxc3 7. bxc3 Nc6 8.
O-O O-O 9. Bf4 e6 10. Qd2 Qd7 11. Rab1 e5 12. Bh6 Rd8 13. Bg5 Re8 14. dxe5 Qxd2
15. Bxd2 Nxe5 16. Nxe5 Rxe5 17. Rfd1 b6 18. Bf4 Rc5 19. Rd8+ Bf8 20. Bh6 Bb7
21. Rbd1 Rd5 22. R8xd5 Bxd5 23. Bxd5 Rd8 24. Bxf7+ Kxf7 25. Rxd8 Bxh6 26. Rd7+
Ke6 27. Rxh7 Bg5 28. Rxc7 a5 29. Rc6+ Kd5 30. Rxg6 Bd2 31. Rxb6 Bxc3 32. h4 Kc5
33. Rb3 Kc4 34. h5 Ba1 35. h6 a4 36. Ra3 Kb4 37. Rh3 1-0

[Event "Ä11Ï"]
[Site "Loo"]
[Date "2017.04.21"]
[Round "2.1"]
[White "Øåâöîâà, Äàðüÿ."]
[Black "Ëåãêèõ, Àðèíà."]
[Result "1-0"]
[WhiteElo "1445"]
[BlackElo "1202"]
[PlyCount "69"]
[EventDate "2017.04.20"]

1. d4 d5 2. Bf4 Nf6 3. e3 e6 4. Nf3 c5 5. c3 Qb6 6. Qc1 Be7 7. Bd3 c4 8. Bc2
Nc6 9. h3 O-O 10. Nbd2 Nd7 11. O-O Bf6 12. e4 Qd8 13. exd5 exd5 14. Re1 b5 15.
b3 Be7 16. a4 Ba6 17. axb5 Bxb5 18. Qb1 Nf6 19. bxc4 Bxc4 20. Nxc4 dxc4 21. Qb5
Qd5 22. Qb7 Nd8 23. Qxe7 Ne6 24. Bh2 Rfe8 25. Qd6 Qb7 26. Qa6 Qd5 27. Ba4 Reb8
28. Bc6 Qd8 29. Bxb8 Rxb8 30. Qxa7 h6 31. Reb1 Rc8 32. Bb7 Rb8 33. Ne5 Qc7 34.
Qb6 Qe7 35. Nc6 1-0

[Event "Ä11Ï"]
[Site "Loo"]
[Date "2017.04.21"]
[Round "2.2"]
[White "Áàðîáèíà, Èðèíà."]
[Black "Êîæåâíèêîâà, Àëåíà."]
[Result "0-1"]
[WhiteElo "1205"]
[BlackElo "1422"]
[PlyCount "94"]
[EventDate "2017.04.20"]

1. e4 c5 2. a3 Nc6 3. b4 cxb4 4. axb4 Nxb4 5. d4 e6 6. c3 Nc6 7. Nf3 Nf6 8. Bd3
Be7 9. O-O O-O 10. Bf4 d5 11. e5 Nd7 12. Na3 a6 13. c4 Nb4 14. c5 b6 15. cxb6
Nxb6 16. Nc2 Nxd3 17. Qxd3 a5 18. Rfb1 Ba6 19. Qb3 Nc4 20. Ne3 Nd2 21. Nxd2 Bb4
22. Nf3 Rb8 23. Qd1 Qc7 24. g3 Qa7 25. Qa4 Bd3 26. Rd1 Be2 27. Rdb1 Bc3 28.
Rxb8 Rxb8 29. Rc1 Bb2 30. Rc2 Bxf3 31. Rxb2 Rc8 32. Rc2 Rb8 33. Qc6 h6 34. Qc3
a4 35. Rc1 a3 36. Nc2 a2 37. Na3 Be4 38. Ra1 Rb1+ 39. Nxb1 axb1=R+ 40. Rxb1
Bxb1 41. Qb2 Be4 42. Qc3 Qa4 43. Qe1 Qxd4 44. h4 Qd3 45. Be3 d4 46. Bf4 Qf3 47.
Qf1 Qh1# 0-1

[Event "Ä11Ï"]
[Site "Loo"]
[Date "2017.04.21"]
[Round "2.3"]
[White "Ñàââèíà, Ðåãèíà."]
[Black "Êèðäÿøêèíà, Åêàòåðèíà."]
[Result "0-1"]
[WhiteElo "1392"]
[BlackElo "1198"]
[PlyCount "150"]
[EventDate "2017.04.20"]

1. e4 e5 2. Nf3 Nc6 3. Bb5 a6 4. Ba4 d6 5. O-O Be7 6. d3 h6 7. Nbd2 Nf6 8. c3
O-O 9. Re1 Bg4 10. h3 Bh5 11. Nf1 b5 12. Bc2 Nd7 13. g4 Bg6 14. Ng3 Bh4 15.
Nxh4 Qxh4 16. Kh2 Nf6 17. Qf3 h5 18. g5 Nh7 19. Nf5 Bxf5 20. exf5 Ne7 21. f6
gxf6 22. gxf6 Qxf6 23. Rg1+ Ng6 24. Qg3 h4 25. Qg2 Kh8 26. d4 Rg8 27. Qf1 exd4
28. cxd4 Qxd4 29. Be3 Qe5+ 30. Kh1 Qd5+ 31. Kh2 Ne5 32. Rxg8+ Rxg8 33. Bd1 Ng5
34. Bxg5 Rxg5 35. f4 Rf5 36. Be2 Ng6 37. Rd1 Qe6 38. Re1 Rxf4 39. Qg2 Qe4 40.
Qg1 Qd4 41. Qxd4+ Rxd4 42. Bf3 Rd2+ 43. Re2 Rxe2+ 44. Bxe2 Kg7 45. Kg1 Nf4 46.
Bg4 Nd3 47. b3 Nc1 48. a4 Nxb3 49. axb5 axb5 50. Bd1 Nd4 51. Kf2 Kf6 52. Ke3
Ke5 53. Kd3 c5 54. Kc3 d5 55. Kb2 b4 56. Kc1 c4 57. Kb2 c3+ 58. Kc1 b3 59. Bg4
f5 60. Bh5 Ne6 61. Bd1 Nc5 62. Be2 d4 63. Bd1 d3 64. Bf3 b2+ 65. Kb1 Na4 66.
Bd1 c2+ 67. Bxc2 dxc2+ 68. Kxc2 f4 69. Kb1 f3 70. Ka2 f2 71. Kb1 f1=Q+ 72. Kc2
b1=R 73. Kd2 Rb2+ 74. Ke3 Qf2+ 75. Kd3 Qe2# 0-1

[Event "Ä11Ï"]
[Site "Loo"]
[Date "2017.04.21"]
[Round "2.4"]
[White "Åôèìîâà, Äàðüÿ."]
[Black "Çèìîâà, Åêàòåðèíà."]
[Result "1-0"]
[WhiteElo "1199"]
[BlackElo "1376"]
[PlyCount "131"]
[EventDate "2017.04.20"]

1. e4 e5 2. Nf3 Nf6 3. Nxe5 d6 4. Nf3 Nxe4 5. Nc3 Nxc3 6. dxc3 Be7 7. Be3 O-O
8. Qd2 Be6 9. h4 a5 10. h5 h6 11. Nd4 c5 12. Nxe6 fxe6 13. g4 Qb6 14. O-O-O a4
15. f4 a3 16. b3 Qc6 17. Bd3 e5 18. Bc4+ Kh8 19. g5 exf4 20. Bxf4 Rxf4 21. gxh6
gxh6 22. Rhg1 Bg5 23. Rxg5 hxg5 24. Bd5 Qb6 25. Rg1 Nd7 26. Qg2 Rf5 27. Be6 Re5
28. Bxd7 Rd8 29. Bh3 Qc6 30. Qd2 b5 31. Qf2 Kg7 32. h6+ Kg8 33. Qf6 Qc7 34.
Be6+ Kh7 35. Bf5+ Rxf5 36. Qxf5+ Kh8 37. Qxg5 Rf8 38. Qg2 Kh7 39. Qe4+ Kh8 40.
Rg7 Qxg7 41. hxg7+ Kxg7 42. Qe7+ Rf7 43. Qxd6 Rf1+ 44. Kd2 Rf2+ 45. Kd3 Rf3+
46. Ke4 Rf6 47. Qxc5 Re6+ 48. Kd5 Rf6 49. Qxb5 Rf5+ 50. Kc4 Rxb5 51. Kxb5 Kf6
52. Kb4 Ke6 53. Kxa3 Kd5 54. Kb4 Kc6 55. Kc4 Kb6 56. Kd5 Kb5 57. c4+ Kb4 58. c5
Kc3 59. c6 Kxc2 60. c7 Kb2 61. c8=Q Kxa2 62. Qc2+ Ka1 63. Qd2 Kb1 64. Kc4 Ka1
65. Kc3 Kb1 66. Qb2# 1-0

[Event "Ä11Ï"]
[Site "Loo"]
[Date "2017.04.21"]
[Round "2.5"]
[White "Çàâèâàåâà, Ýâåëèíà."]
[Black "Ñìèðíîâà, Àë¸íà."]
[Result "1/2-1/2"]
[WhiteElo "1326"]
[BlackElo "1187"]
[PlyCount "80"]
[EventDate "2017.04.20"]

1. d4 c5 2. d5 e5 3. e4 d6 4. Nc3 Nf6 5. Nf3 Be7 6. Bb5+ Bd7 7. Qe2 a6 8. Bxd7+
Nbxd7 9. Bg5 b5 10. Bxf6 Nxf6 11. a3 Qd7 12. h3 Nh5 13. Nxe5 Nf4 14. Nxd7 Nxe2
15. Kxe2 Kxd7 16. f4 f6 17. a4 b4 18. Nd1 a5 19. Ne3 g6 20. Nc4 Kc7 21. g4 h6
22. e5 fxe5 23. fxe5 dxe5 24. Nxe5 g5 25. Ng6 Rhe8 26. Nxe7 Rxe7+ 27. Kd3 Kd6
28. Rhe1 Rxe1 29. Rxe1 Kxd5 30. c3 c4+ 31. Kc2 b3+ 32. Kd2 Rd8 33. Ke3 Re8+ 34.
Kf2 Rxe1 35. Kxe1 Ke5 36. Kf1 Ke4 37. Ke2 Kf4 38. Kf2 Ke4 39. Ke2 Kf4 40. Kf2
Ke4 1/2-1/2

[Event "Ä11Ï"]
[Site "Loo"]
[Date "2017.04.21"]
[Round "2.6"]
[White "Êóëèø, Ãëàôèðà."]
[Black "Æàïîâà, ßíà."]
[Result "0-1"]
[WhiteElo "1195"]
[BlackElo "1316"]
[PlyCount "108"]
[EventDate "2017.04.20"]

1. e4 c5 2. Nf3 d6 3. d4 cxd4 4. Nxd4 Nf6 5. Nc3 a6 6. Bc4 e6 7. O-O b5 8. Bd3
Bb7 9. b4 Qc7 10. Bb2 Be7 11. Re1 Nbd7 12. Rc1 d5 13. exd5 Nxd5 14. Nxd5 Bxd5
15. a3 O-O 16. Be4 Nf6 17. Nf5 Bxe4 18. Nxe7+ Qxe7 19. Bxf6 Qxf6 20. Rxe4 Rfd8
21. Qe1 Rac8 22. c4 bxc4 23. Rexc4 Rxc4 24. Rxc4 Qe5 25. Qc1 Qb8 26. g3 g6 27.
Rc7 Rd1+ 28. Qxd1 Qxc7 29. Qd4 e5 30. Qc5 Qxc5 31. bxc5 Kf8 32. Kf1 Ke7 33. Ke1
Ke6 34. Ke2 Kd5 35. Ke3 f5 36. Kd3 Kxc5 37. Kc3 a5 38. a4 e4 39. h3 g5 40. h4
h6 41. hxg5 hxg5 42. f3 exf3 43. Kd3 Kb4 44. Ke3 g4 45. Kf2 Kxa4 46. Kf1 Kb4
47. Kf2 a4 48. Kf1 a3 49. Kg1 a2 50. Kh2 Kb3 51. Kg1 a1=Q+ 52. Kf2 Qb2+ 53. Ke3
f2 54. Kf4 f1=R+ 0-1

[Event "Ä11Ï"]
[Site "Loo"]
[Date "2017.04.21"]
[Round "2.7"]
[White "Ìàòâååâà, Êñåíèÿ."]
[Black "Øàòêîâñêàÿ, Åëèçàâåòà."]
[Result "1-0"]
[WhiteElo "1292"]
[BlackElo "1183"]
[PlyCount "63"]
[EventDate "2017.04.20"]

1. Nf3 d5 2. c4 d4 3. b4 a6 4. Bb2 c5 5. bxc5 Nc6 6. e3 dxe3 7. fxe3 e6 8. d4
Nf6 9. Nc3 Ne7 10. Ne5 Nf5 11. Qd2 Nd7 12. Nf3 Be7 13. Bd3 Nh6 14. O-O O-O 15.
Ne2 f5 16. Nf4 Nf6 17. Ne5 Nfg4 18. Nxg4 Nxg4 19. Rf3 Kh8 20. Rh3 Bh4 21. g3
Be7 22. Ng6+ Kg8 23. Nxf8 Bxf8 24. Rf1 Qg5 25. Bc1 e5 26. Qe2 e4 27. Bc2 Be6
28. d5 Bf7 29. Rf4 Bxc5 30. Bxe4 Nh6 31. Bg2 Bh5 32. Rxh5 1-0

[Event "Ä11Ï"]
[Site "Loo"]
[Date "2017.04.21"]
[Round "2.8"]
[White "Êàëàíäèÿ, Ýêà."]
[Black "Óçèíöåâà, Äàðüÿ."]
[Result "0-1"]
[WhiteElo "1184"]
[BlackElo "1291"]
[PlyCount "73"]
[EventDate "2017.04.20"]

1. e4 e6 2. d4 d5 3. Nd2 Nf6 4. e5 Nfd7 5. Bd3 c5 6. c3 Nc6 7. Ne2 f6 8. exf6
Nxf6 9. Nf3 cxd4 10. cxd4 Bd6 11. Bg5 O-O 12. a3 a5 13. Qc2 h6 14. Bh4 Bd7 15.
O-O Rc8 16. Qd2 Be7 17. Bg3 Nh5 18. Be5 Be8 19. Rac1 Bd6 20. Rc3 Nf6 21. Qc2
Bxe5 22. Nxe5 Bd7 23. Nxd7 Qxd7 24. Rc1 Rc7 25. Bb5 Rfc8 26. f3 Ne8 27. Bd3 Nd6
28. Bh7+ Kf8 29. b4 axb4 30. axb4 Nb5 31. Nf4 Nxc3 32. Qxc3 Ne7 33. Qxc7 Rxc7
34. Rxc7 Qd6 35. g3 b6 36. Ra7 Qc6 37. g4 {äàëåå çàïèñü íåðàçáîð~~èâà} 0-1

[Event "Ä11Ï"]
[Site "Loo"]
[Date "2017.04.21"]
[Round "2.9"]
[White "Êîðíåâà, Ïîëèíà."]
[Black "Ðèÿíîâà, Ðàëèíà."]
[Result "0-1"]
[WhiteElo "1270"]
[BlackElo "1165"]
[PlyCount "120"]
[EventDate "2017.04.20"]

1. e4 e5 2. Nf3 Nc6 3. Bc4 Bc5 4. c3 Nf6 5. d4 exd4 6. e5 Ne4 7. Bd5 f5 8. Qd3
dxc3 9. Bxe4 fxe4 10. Qxe4 Be7 11. Nxc3 O-O 12. O-O d6 13. Rd1 Qe8 14. Qd5+ Qf7
15. Qxf7+ Rxf7 16. exd6 Bxd6 17. Nb5 Bc5 18. h3 a6 19. Nc3 b5 20. Bg5 Bb7 21.
Rac1 Na5 22. Nd5 Bd6 23. Rc3 Rf5 24. Be7 Rxd5 25. Rxd5 Bxd5 26. Bxd6 cxd6 27.
b3 Re8 28. Rd3 Bxf3 29. gxf3 Rd8 30. Rc3 d5 31. Kf1 Nb7 32. Rc7 Nd6 33. Rc6 d4
34. Rxa6 d3 35. Ke1 Nf5 36. Kd2 Kf7 37. Rb6 Nd6 38. a4 bxa4 39. Rb4 axb3 40.
Rxb3 Nc4+ 41. Kd1 d2 42. Rb7+ Kf6 43. Rb4 Ne5 44. Rb3 Nc4 45. Rb4 Rd4 46. Rb3
Kf5 47. Rb5+ Kf4 48. Rb3 Ne5 49. Rb2 Nd3 50. Rxd2 Nxf2+ 51. Ke1 Rxd2 52. Kxd2
Nxh3 53. Ke2 g5 54. Ke1 h5 55. Ke2 h4 56. Ke1 Kxf3 57. Kf1 g4 58. Ke1 g3 59.
Kf1 g2+ 60. Ke1 g1=Q+ 0-1

[Event "Ä11Ï"]
[Site "Loo"]
[Date "2017.04.21"]
[Round "2.10"]
[White "Ëóçãèíà, Àíàñòàñèÿ."]
[Black "Íàãàåâà, Àëèÿ."]
[Result "0-1"]
[WhiteElo "1145"]
[BlackElo "1269"]
[PlyCount "78"]
[EventDate "2017.04.20"]

1. b3 b6 2. Bb2 Bb7 3. e3 e6 4. Be2 Be7 5. Nf3 Nf6 6. O-O O-O 7. d4 Ne4 8. Nbd2
f5 9. c4 d6 10. Re1 Nd7 11. Qc2 Qe8 12. Rf1 Qg6 13. Kh1 Nxd2 14. Qxd2 Nf6 15.
Rg1 Ne4 16. Qe1 Qh6 17. g3 Ng5 18. Qd1 Qh5 19. d5 exd5 20. cxd5 Ne4 21. Rg2 Qf7
22. Qd4 Bf6 23. Qc4 Bxb2 24. Rb1 Bf6 25. g4 Bxd5 26. Qb5 Nc3 27. Qb4 Nxb1 28.
gxf5 Nc3 29. Qg4 Nxe2 30. e4 h5 31. Qh3 Nf4 32. Qg3 Nxg2 33. Qxg2 Bxe4 34. Kg1
Bxf3 35. Qxf3 Rae8 36. Kg2 Be5 37. Kg1 Qxf5 38. Qd1 Qxf2+ 39. Kh1 Qxh2# 0-1

[Event "Ä11Ï"]
[Site "Loo"]
[Date "2017.04.21"]
[Round "2.11"]
[White "Êîçëîâà, Àíàñòàñèÿ."]
[Black "Êîðîáèöûíà, Äàðüÿ."]
[Result "0-1"]
[WhiteElo "1264"]
[BlackElo "1143"]
[PlyCount "120"]
[EventDate "2017.04.20"]

1. e4 e5 2. Nf3 Nc6 3. Bb5 a6 4. Ba4 Nf6 5. O-O b5 6. Bb3 d6 7. h3 Bb7 8. Nc3
b4 9. Nd5 Nxe4 10. d3 Nf6 11. Bg5 Be7 12. Bxf6 Bxf6 13. Ba4 a5 14. d4 O-O 15.
c3 bxc3 16. bxc3 Na7 17. Qb3 Bxd5 18. Qxd5 c6 19. Bxc6 Nxc6 20. Qxc6 Rc8 21.
Qb5 Rxc3 22. dxe5 Rc5 23. Qd3 dxe5 24. Qxd8 Rxd8 25. Rac1 Rxc1 26. Rxc1 h6 27.
Rc5 e4 28. Nh2 Rd1+ 29. Nf1 Bd8 30. Re5 Rd4 31. Ng3 Kf8 32. Rxe4 Rxe4 33. Nxe4
Ke7 34. Kf1 f5 35. Nc5 Kd6 36. Na4 Kc6 37. Ke2 Kb5 38. Nc3+ Kc4 39. Kd2 Bb6 40.
f3 Bc5 41. Kc2 Bd4 42. Ne2 a4 43. Nxd4 Kxd4 44. Kd2 f4 45. h4 h5 46. a3 g6 47.
Kc2 Ke3 48. Kc3 Kf2 49. Kb4 Kxg2 50. Kxa4 Kxf3 51. Kb4 Ke3 52. a4 f3 53. a5 f2
54. a6 Kd4 55. Kb3 f1=Q 56. a7 Qa6 57. Kb4 Qxa7 58. Kb5 Qb7+ 59. Ka4 Kc4 60.
Ka3 Qb3# 0-1

[Event "Ä11Ï"]
[Site "Loo"]
[Date "2017.04.21"]
[Round "2.12"]
[White "Áîäðûõ, Ìàéÿ."]
[Black "ßêèìîâà, Çëàòà."]
[Result "1-0"]
[WhiteElo "1132"]
[BlackElo "1259"]
[PlyCount "123"]
[EventDate "2017.04.20"]

1. e4 c5 2. Nc3 Nc6 3. g3 Nf6 4. Bg2 e6 5. Nge2 d5 6. d4 dxe4 7. dxc5 Qxd1+ 8.
Nxd1 Bxc5 9. Ndc3 O-O 10. Nxe4 Nxe4 11. Bxe4 Bd7 12. O-O Rac8 13. Bg2 h6 14.
Rd1 Rfd8 15. Bf4 e5 16. Bxc6 Rxc6 17. Bxe5 Bb6 18. Bc3 Re6 19. Rd2 Rde8 20. Nf4
Re1+ 21. Rxe1 Rxe1+ 22. Kg2 Bc6+ 23. Kh3 Ra1 24. a3 Rf1 25. Nd3 Rg1 26. f4 g5
27. fxg5 hxg5 28. g4 Bd7 29. Ne5 Be6 30. Rg2 Rxg2 31. Kxg2 Bd5+ 32. Kh3 Be4 33.
Nd3 f5 34. gxf5 Bxf5+ 35. Kg3 Bc7+ 36. Be5 Bxe5+ 37. Nxe5 Bxc2 38. Kg4 a6 39.
Kxg5 Kg7 40. h4 Be4 41. h5 Bh7 42. h6+ Kg8 43. Kf6 Kf8 44. Nd7+ Ke8 45. Nc5 Kd8
46. Nxb7+ Kc7 47. Nc5 Kb6 48. Nxa6 Kxa6 49. Kg7 Bf5 50. h7 Bxh7 51. Kxh7 Kb5
52. b4 Ka4 53. Kg6 Kb5 54. Kf5 Kc4 55. Ke4 Kb5 56. Kd5 Ka6 57. Kc6 Ka7 58. Kc7
Ka6 59. a4 Ka7 60. b5 Ka8 61. a5 Ka7 62. b6+ 1-0

[Event "Ä11Ï"]
[Site "Loo"]
[Date "2017.04.21"]
[Round "2.13"]
[White "Ìóòèíà, Ñîôèÿ."]
[Black "Ãàìèäîâà, Ìàðãàðèòà."]
[Result "1-0"]
[WhiteElo "1255"]
[BlackElo "1134"]
[PlyCount "83"]
[EventDate "2017.04.20"]

1. d4 d5 2. c4 c6 3. cxd5 cxd5 4. Nc3 Nf6 5. Bf4 g6 6. Nf3 Bg7 7. e3 O-O 8. Bd3
Nc6 9. O-O Bg4 10. h3 Bxf3 11. Qxf3 Qd7 12. Bg5 h6 13. Bxf6 Bxf6 14. Qxd5 Qxd5
15. Nxd5 Bg7 16. Bb5 Rae8 17. Rac1 e6 18. Bxc6 bxc6 19. Nb4 Rb8 20. a3 Rfc8 21.
Nxc6 Rb7 22. Ne7+ Rxe7 23. Rxc8+ Kh7 24. Rfc1 g5 25. R1c7 Rxc7 26. Rxc7 Kg6 27.
Rxa7 Bf6 28. b4 Bd8 29. a4 Kg7 30. a5 Kf6 31. b5 h5 32. b6 h4 33. Rd7 Be7 34.
b7 Ba3 35. b8=Q Kf5 36. Qb1+ Kf6 37. e4 Bf8 38. Qb7 g4 39. Rxf7+ Kg5 40. Qb8
Bh6 41. Qg8+ Kh5 42. Qxg4# 1-0

[Event "Ä11Ï"]
[Site "Loo"]
[Date "2017.04.21"]
[Round "2.14"]
[White "Ãîëèêîâà, Àëèñà."]
[Black "×èñòÿêîâà, Âåðîíèêà."]
[Result "1-0"]
[WhiteElo "1233"]
[BlackElo "1116"]
[PlyCount "109"]
[EventDate "2017.04.20"]

1. e4 e5 2. Nf3 Nc6 3. Bc4 Nf6 4. Ng5 d5 5. exd5 Na5 6. Bb5+ Bd7 7. Qe2 b6 8.
Qxe5+ Be7 9. Bd3 h6 10. Ne4 O-O 11. O-O Re8 12. Nbc3 Bd6 13. Nxf6+ Qxf6 14.
Qxf6 gxf6 15. Ne4 Kg7 16. b3 Bf5 17. Nxd6 cxd6 18. Bxf5 Re5 19. Bd3 Ree8 20.
Bb2 Rad8 21. Rfe1 Nb7 22. Bb5 Rxe1+ 23. Rxe1 Nc5 24. Re7 a6 25. Bc6 a5 26. Re8
Rxe8 27. Bxe8 Ne4 28. d3 Ng5 29. Ba3 Kf8 30. Bc6 Ke7 31. b4 axb4 32. Bxb4 Nh7
33. c4 Ng5 34. a4 f5 35. a5 bxa5 36. Bxa5 f6 37. Bb4 h5 38. c5 dxc5 39. Bxc5+
Kd8 40. d6 Nf7 41. d7 h4 42. Kf1 f4 43. Ke2 f5 44. d4 Kc7 45. d5 Kd8 46. d6
Nxd6 47. Bxd6 f3+ 48. gxf3 h3 49. Bg3 f4 50. Bh4+ Kc7 51. Ba4 Kd6 52. d8=Q+ Kc5
53. Be7+ Kc4 54. Qd6 Kc3 55. Qb4# 1-0

[Event "Ä11Ï"]
[Site "Loo"]
[Date "2017.04.21"]
[Round "2.15"]
[White "Ïîíîìàðåâà, Âàðâàðà."]
[Black "Ðîìàíåíêîâà, Åêàòåðèíà."]
[Result "1-0"]
[WhiteElo "1118"]
[BlackElo "1233"]
[PlyCount "74"]
[EventDate "2017.04.20"]

1. d4 d5 2. Nf3 Nf6 3. c3 e6 4. Nbd2 Bd6 5. g3 b6 6. Bg2 Bb7 7. O-O Nbd7 8. Re1
Ne4 9. Nxe4 dxe4 10. Ng5 Nf6 11. Qc2 O-O 12. Bxe4 Nxe4 13. Nxe4 h6 14. Nxd6
Qxd6 15. Bf4 Qc6 16. f3 f5 17. h4 Rf6 18. Qd3 Rd8 19. a4 Qd5 20. Qb5 c6 21.
Qxd5 exd5 22. Be5 Rg6 23. a5 b5 24. b4 a6 25. Kf2 Re6 26. Rg1 h5 27. g4 fxg4
28. fxg4 Rf8+ 29. Ke3 hxg4 30. Rxg4 Rf7 31. Rag1 Ree7 32. h5 Bc8 33. R4g3 Kh7
34. Rg6 Bf5 35. Rxc6 Re6 36. Rc5 Rh6 37. Kd2 Rd7 {äàëåå çàïèñü íåðàçáîð~~èâà}
1-0

[Event "Ä11Ï"]
[Site "Loo"]
[Date "2017.04.21"]
[Round "2.16"]
[White "Íîâèêîâà, Äàðüÿ."]
[Black "Ãëóøêîâà, Ìèëàíà."]
[Result "1-0"]
[WhiteElo "1117"]
[BlackElo "1231"]
[PlyCount "163"]
[EventDate "2017.04.20"]

1. e4 c5 2. Nf3 Nc6 3. d4 cxd4 4. Nxd4 g6 5. Be3 Bg7 6. f3 Nf6 7. Nc3 O-O 8.
Qd2 a5 9. g4 a4 10. a3 d5 11. g5 Nh5 12. exd5 Ne5 13. O-O-O b6 14. f4 Nd7 15.
Nc6 Qe8 16. Nb5 Nb8 17. Nc7 Qd7 18. Nxa8 Nxc6 19. dxc6 Qxc6 20. Bg2 Qb5 21. Bd4
Rd8 22. Qc3 Nxf4 23. Bf1 Qxg5 24. Kb1 Be6 25. Nxb6 Qh5 26. Bc4 Bxc4 27. Qxc4
Ne6 28. c3 Qf5+ 29. Ka2 Qf3 30. Rhf1 Qh5 31. Nxa4 Rf8 32. Bxg7 Nxg7 33. h4 Nf5
34. Rd3 Qe2 35. Rff3 Nd6 36. Qf4 Nf5 37. h5 Qe6+ 38. Kb1 Qe1+ 39. Kc2 Qe2+ 40.
Qd2 Qe6 41. Nc5 Qc6 42. b4 Qa8 43. a4 Qc6 44. a5 Qb5 45. a6 Qc4 46. Kd1 Qb5 47.
a7 Qc6 48. c4 Kg7 49. Qc3+ Kg8 50. Qe5 Qa8 51. Ra3 Rd8+ 52. Kc1 Nd4 53. Rfd3
Qh1+ 54. Rd1 Qxd1+ 55. Kxd1 Nf3+ 56. Kc1 Nxe5 57. a8=Q Rxa8 58. Rxa8+ Kg7 59.
b5 Nxc4 60. hxg6 hxg6 61. Ra7 e5 62. Ne6+ Kf6 63. Nd8 e4 64. Rxf7+ Kg5 65. Ne6+
Kh6 66. Rf4 Kh5 67. Rxe4 Nd6 68. Re5+ Kh6 69. b6 Kh7 70. Ng5+ Kg7 71. Re7+ Kf8
72. b7 Nxb7 73. Rxb7 Ke8 74. Kd2 Kf8 75. Kd3 Ke8 76. Ke4 Kf8 77. Ke5 Ke8 78.
Kd6 Kf8 79. Ke6 Kg8 80. Kf6 Kh8 81. Kxg6 Kg8 82. Rb8# 1-0

[Event "Ä11Ï"]
[Site "Loo"]
[Date "2017.04.21"]
[Round "2.26"]
[White "Ðàñïàåâà, Äàðüÿ."]
[Black "Ñèòíîâà, Ìàðãàðèòà."]
[Result "1-0"]
[WhiteElo "1157"]
[BlackElo "1118"]
[PlyCount "127"]
[EventDate "2017.04.20"]

1. e4 e6 2. d4 d5 3. Nd2 dxe4 4. Nxe4 Nf6 5. f3 Be7 6. Be3 O-O 7. Qd2 c6 8.
O-O-O Qd5 9. Nxf6+ Bxf6 10. Kb1 b5 11. g4 a5 12. g5 Be7 13. h4 b4 14. h5 b3 15.
a3 bxc2+ 16. Qxc2 Bxg5 17. Bxg5 Qxg5 18. Bd3 Qh6 19. Ne2 Bb7 20. f4 f5 21. Rh2
Qf6 22. Rg1 Kh8 23. Qc3 Nd7 24. Rhg2 Rg8 25. Rg3 Rac8 26. Bc4 Qe7 27. Qxa5 c5
28. Ba2 cxd4 29. Nxd4 Be4+ 30. Ka1 Nc5 31. Rc3 Nd3 32. Bxe6 Rxc3 33. Qxc3 Rb8
34. Bxf5 Nxf4 35. Bxe4 Qxe4 36. Nb5 Ne6 37. Nc7 Rc8 38. Re1 Qb7 39. Rxe6 Qh1+
40. Ka2 Qxh5 41. Re7 Qg6 42. Qe5 h5 43. Re8+ Rxe8 44. Qxe8+ Qxe8 45. Nxe8 h4
46. Nd6 g5 47. b4 g4 48. Nf5 h3 49. Ng3 Kg7 50. b5 h2 51. b6 h1=Q 52. Nxh1 g3
53. Nxg3 Kf6 54. b7 Kg5 55. b8=Q Kg4 56. a4 Kg5 57. a5 Kg4 58. a6 Kg5 59. a7
Kg4 60. a8=Q Kg5 61. Qf8 Kg4 62. Qf7 Kxg3 63. Qag8+ Kh3 64. Qfh7# 1-0